000
00238 a2200097 4500
001
4655
100
_a
Mckniley,J.L
245
_a
Electricity and electronics for aerospace vehicles
260
_a
NY
_b
mcgrawhill
_c
1961
090
_c
3849
_d
3849
942
_a
NUST-CAE
_c
M
_c
30099
999
_c
239728
_d
239728